| 000 | 00501 a2200169 4500 | ||
|---|---|---|---|
| 003 | OSt | ||
| 005 | 20250610140129.0 | ||
| 008 | 250528b |||||||| |||| 00| 0 eng d | ||
| 020 | _a9780008372439 | ||
| 040 | _coclc | ||
| 082 |
_a158.1 _bSIN/T |
||
| 100 |
_aSingh, Kanwar _910547 |
||
| 245 |
_aThings no one else can teach us / _cHumble the Poet |
||
| 260 |
_aLondon: _bHarperCollins Publishers, _c2019. |
||
| 300 | _a307 pages | ||
| 942 |
_2ddc _cBK _h158.1 _iSIN/T _k158.1 _mSIN/T |
||
| 999 |
_c44569 _d44569 |
||